00321nam a2200121Ia 4500008004100000082001300041100001900054245004500073250000800118260004900126300000800175650001600183191201s2005 xx 000 0 und d a511bROD aROSEN, Kenneth 0aDiscrete Mathematics and Its Application a5th aN.DelhibTata McGraw Hill Pub. co. Ltdc2005 a787 aB.Tech(CSE)